000 01300nam a2200349Ia 4500
001 Z_6897
003 CHAP
005 20230208145849.0
008 220113s2016 xx 000 0 und d
010 _a170170
040 _cCHAP
090 _aTesis C47 2516
100 _aCeron Molina, Fernando
_9131352
245 _aEfecto de la jalea real en el restablecimiento de la actividad reproductiva postparto en ovejas pelibuey, mediante inducción con CIDR /
_cFernando Ceron Molina
260 _aMéxico :
_bEl autor,
_c2016
300 _a40 p.
502 _aTesis (Ingeniero Agrónomo Especialista en Zootecnia) -- UACh, 2016 \ Dirección: Jaime Gallegos Sánchez; asesoría: Carlos Guillermo Germán Alarcón y Said Cadena Villegas
650 _aAnestro postparto
_9145167
650 _aGanado ovino
_9139065
650 _aJalea real
_960953
650 _aOvejas pelibuey
_9144556
650 _aRespuesta reproductiva
_9146282
700 _a Cadena Villegas, Said, asesor
_9146173
700 _a Germán Alarcón, Carlos Guillermo, asesor
_9142496
700 _aGallegos Sánchez, Jaime, director
_9143068
856 4 2 _uhttp://10.13.5.2/tesis/sist112851.pdf
_yDescargar PDF
901 _aTESIS C47 2516
902 _aM
910 _a2016
942 _c2
_2ddc
942 _c2
_2ddc
999 _c170170
_d170170